| 000 | 00486nam a2200181 a 4500 | ||
|---|---|---|---|
| 001 | 1730 | ||
| 005 | 20140414131902.0 | ||
| 008 | 001117s19uu xx 00 eng d | ||
| 020 | _a0-426-20126-4 | ||
| 050 |
_aFIC _bM36 1981 |
||
| 100 | _aMarter, Ian | ||
| 245 |
_aDoctor Who and the enemy of the world / _cIan Marter. |
||
| 260 |
_aLondon : _bW. H. Allen, _c1981. |
||
| 300 | _a127 p. ; cm. | ||
| 440 | _aDoctor Who Library, #24. | ||
| 650 |
_aScience _xFiction. |
||
| 999 |
_c110708 _d110708 |
||